000 00312nam a22001337a 4500
008 170731b xxu||||| |||| 00| 0 eng d
020 _a9783827257741
041 _ager
080 _a004
100 _a32
101 _aSHK
245 _aWEB-DATENBANKEN FUR WINDOWS - PLATTFORMEN
_cGUTIERREZ,D
942 _2udc
_cBK
999 _c22167
_d22167